Представление документа в формате RUSMARC

ПолеНазваниеЗначение
  Тип записи a
  Библиографический уровень m
001 Контрольный номер RU/IS/BASE/425745418
005 Дата корректировки 20240410121220.1
010 Индекс ISBN __
a ISBN 978-5-353-03118-5 (в пер.)
d Цена 75-46; 51-00
100 Данные общей обработки __
a Данные общей обработки 19140527d2013||||||| 0rusy0189 ca
101 Язык документа 0_
a Язык текста rus
102 Страна публикации __
a Страна публикации ru|
105 Кодированные данные (монография) __
a Кодированные данные (монография) a|||#|||000zy
200 Заглавие и сведения об ответственности 1_
a Заглавие Чудеса света
e Сведения, относящиеся к заглавию [для младшего и среднего школьного возраста : 6+]
f Первые сведения об ответственности [Малофеева Н. Н., Травина И. В., Широнина Е. В. ; худож.: М. О. Дмитриев и др.]
b Общее обозначение материала Текст
210 Выходные данные __
a Место издания Москва
c Издательство Росмэн
d Дата издания 2013
215 Физическое описание __
a Объем 95, [1] с.
c Иллюстрации/тип воспроизводства ил.
d Формат 22 см
225 Серия __
a Серия Детская энциклопедия РОСМЭН
300 Общие примечания __
a Общие примечания Авт. указ. в вып. дан.
300 Общие примечания __
a Общие примечания 7000 экз.
320 Библиография __
a Библиография Указ.: с. 94-95
330 Аннотация __
a Аннотация Эта книга знакомит юных читателей с мировым культурным и природным наследием человечества. Рассказывается о знаменитых памятниках искусства и архитектуры, как современных, так и дошедших до нас из глубины веков, и об удивительных природных ландшафтах, сохранившихся в разных частях света.
333 Примечание о целевом назначении __
a Примечание о целевом назначении 6+. Для детей старше шести лет
605 Заглавие как предмет __
a Заглавие Александрийский маяк
605 Заглавие как предмет __
a Заглавие Статуя Зевса
605 Заглавие как предмет __
a Заглавие Вавилонская башня
605 Заглавие как предмет __
a Заглавие Галикарнасский мавзолей
605 Заглавие как предмет __
a Заглавие Храм Артемиды Эфесской
605 Заглавие как предмет __
a Заглавие Колосс Родосский /статуя/
605 Заглавие как предмет __
a Заглавие Великая Китайская стена
605 Заглавие как предмет __
a Заглавие Мачу-Пикчу /город-крепость/
605 Заглавие как предмет __
a Заглавие Храм Кукулькана
605 Заглавие как предмет __
a Заглавие Чичен-Ица
605 Заглавие как предмет __
a Заглавие Колизей
605 Заглавие как предмет __
a Заглавие Тадж-Махал
605 Заглавие как предмет __
a Заглавие Статуя Христу
605 Заглавие как предмет __
a Заглавие Альтамир /пещера/
605 Заглавие как предмет __
a Заглавие Кельнский собор
605 Заглавие как предмет __
a Заглавие Эйфелева башня
605 Заглавие как предмет __
a Заглавие Пизанская башня
605 Заглавие как предмет __
a Заглавие Парфенон
605 Заглавие как предмет __
a Заглавие Красная площадь
605 Заглавие как предмет __
a Заглавие Стена Плача
605 Заглавие как предмет __
a Заглавие Ворота Иштар
605 Заглавие как предмет __
a Заглавие Большой сфинкс /статуя/
605 Заглавие как предмет __
a Заглавие Бруклинский мост
605 Заглавие как предмет __
a Заглавие Статуя Свободы
606 Тематические рубрики __
a Основная рубрика Изобразительное искусство и архитектура
606 Тематические рубрики __
a Основная рубрика Архитектура в целом
606 Тематические рубрики __
a Основная рубрика География
606 Тематические рубрики __
a Основная рубрика Страноведение
y Географическая подрубрика Австралия
y Географическая подрубрика Азия
y Географическая подрубрика Альпы
y Географическая подрубрика Антарктида
y Географическая подрубрика Анхель, водопад
y Географическая подрубрика Арктика
y Географическая подрубрика Африка
y Географическая подрубрика Великобритания
y Географическая подрубрика Виктория, водопад
y Географическая подрубрика Греция
y Географическая подрубрика Древний Египет
y Географическая подрубрика Европа
y Географическая подрубрика Иерусалим
y Географическая подрубрика Исландия
y Географическая подрубрика Мексика
y Географическая подрубрика Нью-Йорк
y Географическая подрубрика Остров Пасхи
y Географическая подрубрика Петра
y Географическая подрубрика США
y Географическая подрубрика Франция
y Географическая подрубрика Франция
y Географическая подрубрика Южная Америка
610 Ключевые слова __
a Ключевые слова амфитеатры
a Ключевые слова архитектурные комплексы
a Ключевые слова архитектурные памятники
a Ключевые слова города-крепости
a Ключевые слова горы
a Ключевые слова детская литература
a Ключевые слова достопримечательности
a Ключевые слова египетские пирамиды
a Ключевые слова животные
a Ключевые слова крепости
a Ключевые слова мосты
a Ключевые слова острова
a Ключевые слова памятники архитектуры
a Ключевые слова памятники истории
a Ключевые слова памятники культуры
a Ключевые слова познавательная литература
a Ключевые слова соборы
a Ключевые слова храмы
a Ключевые слова чудеса природы
a Ключевые слова чудеса света
686 Индексы других классификаций __
2 Код системы rubbks
a Классификационный индекс мл85я2
686 Индексы других классификаций __
2 Код системы rubbks
a Классификационный индекс мл26.8я2
700 Автор _1
a Фамилия Малофеева
b Имя Н. Н.
g Полное личное имя Наталья Николаевна
4 Код отношения 070
701 Альтернативная интеллектуальная ответственность _1
a Фамилия Травина
b Имя И. В.
g Полное личное имя Ирина Владимировна
4 Код отношения 070
701 Альтернативная интеллектуальная ответственность _1
a Фамилия Широнина
b Имя Е. В.
g Полное личное имя Елена Владимировна
4 Код отношения 070
702 Вторичная интеллектуальная ответственность _1
a Фамилия Дмитриев
b Имя М. О.
4 Код отношения Художник
4 Код отношения 040
702 Вторичная интеллектуальная ответственность _1
a Фамилия Иванов
b Имя О. В.
4 Код отношения Художник
4 Код отношения 040
702 Вторичная интеллектуальная ответственность _1
a Фамилия Жежеря
b Имя Т. А.
4 Код отношения Художник
4 Код отношения 040
702 Вторичная интеллектуальная ответственность _1
a Фамилия Максимова
b Имя И. В.
4 Код отношения Художник
4 Код отношения 040
702 Вторичная интеллектуальная ответственность _1
a Фамилия Пархаев
b Имя О. К.
4 Код отношения Художник
4 Код отношения 040
702 Вторичная интеллектуальная ответственность _1
a Фамилия Позиненко
b Имя А. Н.
4 Код отношения Художник
4 Код отношения 040
702 Вторичная интеллектуальная ответственность _1
a Фамилия Сичкарь
b Имя А. Н.
4 Код отношения Художник
4 Код отношения 040
702 Вторичная интеллектуальная ответственность _1
a Фамилия Сучкова
b Имя Н. В.
4 Код отношения Художник
4 Код отношения 040
702 Вторичная интеллектуальная ответственность _1
a Фамилия Шарикова
b Имя И. В.
4 Код отношения Художник
4 Код отношения 040
801 Источник записи _0
a Страна ru
b Организация Муниципальное бюджетное учреждение культуры "Централизованная библиотечная система" г. Сургут (Центральная городская библиотека им. А. С. Пушкина)
c Дата составления 20140527
g Правила каталогизации КиК/Елгина; КиК/Апакова
801 Источник записи _1
a Страна ru
b Организация Муниципальное бюджетное учреждение культуры "Централизованная библиотечная система" г. Сургут (Центральная городская библиотека им. А. С. Пушкина)
c Дата составления 20140527
g Правила каталогизации КиК/Елгина; КиК/Апакова
852 Данные о местонахождении __
j Шифр хранения мл85я2
i Авторский знак М 19
901 Тип документа __
t Тип документа m
903 Характеристики (МАРС) __
a Дата передачи 20140527; 20130628
969 Тип издания __
a Тип издания энциклопедия; издание для детей
990 Данные о заказе (DOS) __
j Количество экземпляров (DOS) 14; 14
t N записи в КСУ для И/У (DOS) 201406; 201307